000
00334nam a2200133Ia 4500
008
240624s9999 xx 000 0 und d
041
_a
eng
082
_a
658.4022 SAL
100
_a
SALAS EDUARDO
245
_a
TEAM EFFECTIVENESS IN COMPLEX ORGANIZATI
260
_c
2008
_b
Routledge Academic
300
_a
624 : p.
365
_c
BPS
_b
30
999
_c
18075
_d
18075